<?xml version="1.0" encoding="UTF-8"?><?xml-stylesheet type="text/xsl" href="static/style.xsl"?><OAI-PMH xmlns="http://www.openarchives.org/OAI/2.0/" xmlns:xsi="http://www.w3.org/2001/XMLSchema-instance" xsi:schemaLocation="http://www.openarchives.org/OAI/2.0/ http://www.openarchives.org/OAI/2.0/OAI-PMH.xsd"><responseDate>2026-05-17T21:57:28Z</responseDate><request verb="GetRecord" identifier="oai:recam.amb.cat:20.500.14439/4811" metadataPrefix="marc">https://recam.amb.cat/rest/oai/request</request><GetRecord><record><header><identifier>oai:recam.amb.cat:20.500.14439/4811</identifier><datestamp>2026-05-08T23:45:49Z</datestamp><setSpec>com_20.500.14439_123</setSpec><setSpec>col_20.500.14439_129</setSpec></header><metadata><record xmlns="http://www.loc.gov/MARC21/slim" xmlns:dcterms="http://purl.org/dc/terms/" xmlns:xsi="http://www.w3.org/2001/XMLSchema-instance" xmlns:doc="http://www.lyncode.com/xoai" xsi:schemaLocation="http://www.loc.gov/MARC21/slim http://www.loc.gov/standards/marcxml/schema/MARC21slim.xsd">
   <leader>00925njm 22002777a 4500</leader>
   <datafield ind2=" " ind1=" " tag="042">
      <subfield code="a">dc</subfield>
   </datafield>
   <datafield ind2=" " ind1=" " tag="720">
      <subfield code="a">Observatori Metropolità de l'Habitatge de Barcelona</subfield>
      <subfield code="e">author</subfield>
   </datafield>
   <datafield ind2=" " ind1=" " tag="260">
      <subfield code="c">2023-10-01</subfield>
   </datafield>
   <datafield ind2=" " ind1=" " tag="520">
      <subfield code="a">Amb l'objectiu d'aprofundir en el coneixement de l'exclusió residencial amb perspectiva de gènere, l'Observatori Metropolità de l'Habitatge (OHB) inicia un laboratori dedicat a l’anàlisi de l’exclusió residencial des d’una perspectiva de gènere.  El document fa una anàlisi de la dimensió econòmica i de la dimensió física de l'habitatge. La primera dimensió ofereix una imatge tant de l’esforç com del sobreesforç econòmic que suposa fer front a les despeses derivades del pagament de la hipoteca i del lloguer, així com de la taxa de sobrecàrrega. En aquest mateix apartat es fa referència als endarreriments que s'han produït en tots dos casos, el que permet analitzar el risc residencial així com la probabilitat de patir sobre costos en el pagament dels subministraments.  La segona dimensió que és objecte d'anàlisi atén per una banda la incapacitat per mantenir l'habitatge a una temperatura adequada durant els mesos d'hivern i per altra banda la privació residencial severa. A través del primer indicador és possible realitzar una aproximació a la feminització de la pobresa mentre que amb el segon s'atenen els indicadors que componen l'índex de privació severa. A més a més s’analitza també aspectes com la manca de llum natural a l’habitatge i la problemàtica d’humitats o filtracions així com la sobreocupació.</subfield>
   </datafield>
   <datafield ind1="8" ind2=" " tag="024">
      <subfield code="a">https://hdl.handle.net/20.500.14439/4811</subfield>
   </datafield>
   <datafield tag="653" ind2=" " ind1=" ">
      <subfield code="a">Economia urbana</subfield>
   </datafield>
   <datafield tag="653" ind2=" " ind1=" ">
      <subfield code="a">Habitatge</subfield>
   </datafield>
   <datafield tag="653" ind2=" " ind1=" ">
      <subfield code="a">Pagament</subfield>
   </datafield>
   <datafield tag="653" ind2=" " ind1=" ">
      <subfield code="a">Gènere</subfield>
   </datafield>
   <datafield ind2="0" ind1="0" tag="245">
      <subfield code="a">La vulnerabilitat residencial amb perspectiva de gènere: una primera aproximació a partir de l’Enquesta Metropolitana de Condicions de Vida 2016-2021</subfield>
   </datafield>
</record></metadata></record></GetRecord></OAI-PMH>